00640nam a2200253Ia 4500008004100000020001800041050001000059050001500069100002100084245002600105245004400131245002400175250001900199260001100218260002500229260000900254300001600263300002600279300001000305650002300315650001800338650001900356700001100375171025s9999 xx 000 0 und d a9781599630052 a745.5 bSi579 2007 aSigurdson, Trudy aTantalizing texture : bideas and techniques for scrapbookers / cby Trudy Sigurdson. aFirst edition. aOhio : bMemory makers Books, c2007 a127 pages : bcolor illustrations ; c28cm. aPhotograph albums. aScrapbooking. aTexture (Art). aTitle.